Anuario español de los bancos, bolsas y cajas de ahorro. (Record no. 173588)

MARC details
000 -LEADER
campo de control de longitud fija 00555nas a2200193 i 4500
001 - NÚMERO DE CONTROL
campo de control 173588
003 - IDENTIFICADOR DE NÚMERO DE CONTROL
campo de control ES-MaACL
005 - FECHA Y HORA DE LA ÚLTIMA TRANSACCIÓN
campo de control 20250217134855.0
008 - DATOS DE LONGITUD FIJA--INFORMACIÓN GENERAL
campo de control de longitud fija 091210c1960 sp a| | ||pa d
245 00 - MENCIÓN DEL TÍTULO
Título Anuario español de los bancos, bolsas y cajas de ahorro.
260 ## - PUBLICACIÓN, DISTRIBUCIÓN, ETC.
Lugar de publicación, distribución, etc. Madrid :
Nombre del editor, distribuidor, etc. [s.n.],
Fecha de publicación, distribución, etc. 1960-
300 ## - DESCRIPCIÓN FÍSICA
Extensión 1079 p. ;
Dimensiones 29 cm.
310 ## - PERIODICIDAD ACTUAL
Periodicidad actual Irregular
650 #4 - PUNTO DE ACCESO ADICIONAL DE MATERIA--TÉRMINO DE MATERIA
Término de materia o nombre geográfico como elemento de entrada Bancos-
Subdivisión geográfica España-
Subdivisión de forma Estadísticas.
9 (RLIN) 151694
650 #4 - PUNTO DE ACCESO ADICIONAL DE MATERIA--TÉRMINO DE MATERIA
Término de materia o nombre geográfico como elemento de entrada Cajas de ahorros-
Subdivisión geográfica España.
9 (RLIN) 10665
852 4# - LOCALIZACIÓN
Ubicación ES-MaACL
Número de control de estantería G-5461
866 #0 - MENCIÓN TEXTUAL DE FONDOS--UNIDAD BIBLIOGRÁFICA BÁSICA
Fondos 1965-66.
Holdings
Estatus retirado Estado de pérdida Estado de daño No para préstamo Colección Biblioteca de origen Biblioteca actual Ubicación en estantería Fecha de adquisición Fuente de adquisición Total de préstamos Signatura topográfica completa Código de barras Visto por última vez Precio de reemplazo Tipo de ítem Koha
        Periódicos y Revistas Biblioteca del Ateneo de Madrid Biblioteca del Ateneo de Madrid Depósito 2 10/12/2009     G-5461 1182168 23/02/2023 23/02/2023 Revista